00370nam a22001457a 4500003000400000008004100004020001800045082001400063100001800077245004400095250001300139260005300152300001100205650000800216OSt240427b |||||||| |||| 00| 0 eng d a9789325986695 a658.5 SIO aSINGH, Kavita aOrganizational Behaviour Text and Cases a3rd. ed. aNoida,bVikash Publishing House Pvt. Ltd.,c2023 a564 p. aBBA